000 00913nas a2200301 4500
001 BR2013006464
003 BR-BrBNA
005 20231205122823.0
007 ta
008 230509b bl.|||p| |||| 00| 00por d
040 _aBR-BrBNA
_bpor
_cBiblioteca Nacional de Agricultura
041 _a(Pt)
072 _aH20; P01
100 1 _aCarneiro, M.A.A.
100 1 _aBorges, R.A.X.
100 1 _aAraújo, A.P.A.
100 1 _aFernandes, G.W.
245 1 _aInsetos indutores de galhas da porção sul da Cadeia do Espinhaço, Minas Gerais, Brasil
650 _aINSETO
650 _aGALHA
650 _aDOENÇA DE PLANTA
650 _aBIODIVERSIDADE
650 _aPLANTA HOSPEDEIRA
650 _aCERRADO
773 0 _tRevista Brasileira de Entomologia (Brazil)
_xISSN 0085-5626
_g(Oct-Dec 2009), v. 53(4) p. 570-592
_wBR2013006464
909 _a202311
_bLúcia
_c55
_dLúcia Elande
942 _2AGRIS
_n0
_cANA
999 _c230753
_d230753